[Event "Pereira Gildardo Garcia Memorial-B"]
[Site "Pereira"]
[Date "2022.05.20"]
[Round "4"]
[White "Restrepo Martinez, Emmanuel"]
[Black "Fitzgerald, Daniela"]
[Result "0-1"]
[WhiteElo "1415"]
[BlackElo "1680"]
[PlyCount "92"]
[EventDate "2022.05.18"]
[EventType "swiss"]
[EventRounds "9"]
[EventCountry "COL"]
[SourceTitle "CBM 208 Extra"]
[Source "ChessBase"]
[SourceDate "2022.07.31"]
[SourceVersion "1"]
[SourceVersionDate "2022.07.31"]
[SourceQuality "1"]

1. Nf3 g6 2. c4 c5 3. Nc3 Bg7 4. g3 Nc6 5. Bg2 Nf6 6. 0-0 0-0 7. d3 d6 8. Bd2 Bd7 9. Ne1 Ne8 10. Nc2 Qc8 11. Rb1 Bh3 12. b4 Bxg2 13. Kxg2 cxb4 14. Nxb4 Nxb4 15. Rxb4 Nc7 16. Rb1 f5 17. Qb3 b6 18. f4 Ne6 19. Be3 Bd4 20. Bxd4 Nxd4 21. Qb2 e5 22. e3 Nc6 23. Nd5 Qb7 24. Kg1 Ne7 25. Nxe7+ Qxe7 26. Rfe1 Rad8 27. Qb3 Qe6 28. Qc3 Rf7 29. fxe5 dxe5 30. Qd2 Rfd7 31. Qe2 Rc8 32. Rec1 Qd6 33. Rc3 Rf8 34. Rb5 f4 35. Qf3 fxg3 36. Qxg3 Qf6 37. Rb1 e4 38. d4 Rdf7 39. c5 bxc5 40. Rxc5 Qa6 41. Qg2 Rf2 42. Qh3 Qxa2 43. Rbc1 R2f3 44. Qh6 Qe2 45. Rc7 Rf1+ 46. Rxf1 Rxf1# 0-1

[Event "Medellin Easter op 10th"]
[Site "Medellin"]
[Date "2022.04.17"]
[Round "8"]
[White "Restrepo Martinez, Emmanuel"]
[Black "Pinilla Rozo, Maria Alejandra"]
[Result "0-1"]
[WhiteElo "1407"]
[BlackElo "1600"]
[PlyCount "64"]
[EventDate "2022.04.13"]
[EventType "swiss"]
[EventRounds "8"]
[EventCountry "COL"]
[SourceTitle "CBM 207 Extra"]
[Source "ChessBase"]
[SourceDate "2022.05.31"]
[SourceVersion "1"]
[SourceVersionDate "2022.05.31"]
[SourceQuality "1"]

1. Nf3 e6 2. b3 d5 3. Bb2 Nf6 4. e3 c5 5. Bb5+ Bd7 6. Bxd7+ Nfxd7 7. d3 f6 8. Nbd2 Bd6 9. c4 0-0 10. 0-0 Nc6 11. d4 b6 12. e4 Ne7 13. Re1 Re8 14. h3 Nf8 15. exd5 exd5 16. dxc5 Bxc5 17. Bd4 Rc8 18. Bxc5 Rxc5 19. Rc1 Nfg6 20. cxd5 Rxd5 21. g3 Ne5 22. Qe2 Nd3 23. Qe6+ Kf8 24. Nc4 Nxc1 25. Rxc1 Rd1+ 26. Kh2 Nd5 27. Qxe8+ Qxe8 28. Rxd1 Qe2 29. Rxd5 Qxf2+ 30. Kh1 Qxf3+ 31. Kh2 Qxd5 32. Nd2 Qxd2+ 0-1

[Event "Medellin Easter op 10th"]
[Site "Medellin"]
[Date "2022.04.15"]
[Round "5"]
[White "Bermudez, Tomas Alejandro"]
[Black "Restrepo Martinez, Emmanuel"]
[Result "1/2-1/2"]
[WhiteElo "1545"]
[BlackElo "1407"]
[PlyCount "67"]
[EventDate "2022.04.13"]
[EventType "swiss"]
[EventRounds "8"]
[EventCountry "COL"]
[SourceTitle "CBM 207 Extra"]
[Source "ChessBase"]
[SourceDate "2022.05.31"]
[SourceVersion "1"]
[SourceVersionDate "2022.05.31"]
[SourceQuality "1"]

1. e4 g6 2. d4 Bg7 3. Nf3 d6 4. Bc4 Nd7 5. c3 Ngf6 6. e5 Ng8 7. Bf4 Nb6 8. Bb3 dxe5 9. Nxe5 e6 10. Nd2 Ne7 11. Ne4 0-0 12. Qd2 Ned5 13. Bh6 Nd7 14. Bxg7 Kxg7 15. f4 Nxe5 16. fxe5 Qh4+ 17. Ng3 Qf4 18. 0-0-0 Qxd2+ 19. Rxd2 c6 20. c4 Ne7 21. Ne4 b6 22. Rf1 h5 23. h3 h4 24. g4 hxg3 25. Nxg3 Bb7 26. Rf4 Rh8 27. h4 Rad8 28. Rdf2 Nf5 29. Nxf5+ gxf5 30. Rd2 f6 31. Rh2 fxe5 32. dxe5 c5 33. Bd1 Rdg8 34. Rd2 1/2-1/2

[Event "Medellin Easter op 10th"]
[Site "Medellin"]
[Date "2022.04.14"]
[Round "2"]
[White "Restrepo Martinez, Emmanuel"]
[Black "Munoz Monroy, Cinthya Carolina"]
[Result "1/2-1/2"]
[WhiteElo "1407"]
[BlackElo "1966"]
[PlyCount "137"]
[EventDate "2022.04.13"]
[EventType "swiss"]
[EventRounds "8"]
[EventCountry "COL"]
[SourceTitle "CBM 207 Extra"]
[Source "ChessBase"]
[SourceDate "2022.05.31"]
[SourceVersion "1"]
[SourceVersionDate "2022.05.31"]
[SourceQuality "1"]

1. Nf3 Nf6 2. b3 g6 3. Bb2 Bg7 4. e3 d6 5. d4 0-0 6. Nbd2 Re8 7. Be2 Nc6 8. 0-0 e5 9. dxe5 Nxe5 10. Nxe5 dxe5 11. Nc4 Nd7 12. a4 Qg5 13. e4 Nc5 14. Bd3 Be6 15. Ba3 Bxc4 16. Bxc5 Be6 17. Be3 Qe7 18. Qe2 f5 19. f3 Rad8 20. Rad1 f4 21. Bc1 Qc5+ 22. Qf2 Qxf2+ 23. Rxf2 Bf8 24. Kf1 Bc5 25. Re2 Bd4 26. c4 c6 27. Bb2 b5 28. Ke1 Rd7 29. Bxd4 Rxd4 30. Red2 Red8 31. Be2 bxa4 32. bxa4 c5 33. a5 Rxd2 34. Rxd2 Rxd2 35. Kxd2 Kf7 36. Kc3 Ke7 37. Bd1 Bd7 38. Kd3 Kd6 39. Kc3 Kc7 40. Kb3 Kb7 41. Ka3 Be6 42. Bb3 Ka6 43. Ka4 Bd7+ 44. Ka3 Kxa5 45. Bc2 g5 46. h3 h5 47. Bd1 a6 48. Bc2 g4 49. h4 g3 50. Bd3 Ba4 51. Be2 Bc2 52. Kb2 Ba4 53. Ka3 Bd7 54. Bd3 Kb6 55. Kb3 Kc7 56. Ka3 Kd6 57. Kb3 Ke7 58. Ka3 Bh3 59. Bf1 Bd7 60. Bd3 a5 61. Kb3 Kd6 62. Ka3 Kc6 63. Ka4 Kb6+ 64. Kb3 a4+ 65. Ka3 Ka5 66. Be2 Bc6 67. Bd3 Bd7 68. Be2 Bh3 69. Bf1 1/2-1/2

[Event "Pan American-ch School U13"]
[Site "Medellin"]
[Date "2019.11.14"]
[Round "4"]
[White "Restrepo Martinez, Emmanuel"]
[Black "Guzman Vera, Diego Alonso"]
[Result "1/2-1/2"]
[WhiteElo "1387"]
[BlackElo "1614"]
[PlyCount "96"]
[EventDate "2019.11.12"]
[EventType "swiss"]
[EventRounds "9"]
[EventCountry "COL"]
[SourceTitle "CBM 193 Extra"]
[Source "ChessBase"]
[SourceDate "2020.01.31"]
[SourceVersion "1"]
[SourceVersionDate "2020.01.31"]
[SourceQuality "1"]

1. e4 c5 2. Nf3 e6 3. d4 cxd4 4. Nxd4 Nc6 5. Nc3 Qc7 6. g3 Nf6 7. Bg2 a6 8. 0-0 g6 9. Nxc6 bxc6 10. Na4 Bg7 11. Rb1 0-0 12. b3 d5 13. Bb2 Bb7 14. Nc5 Nd7 15. Nxd7 Qxd7 16. Bxg7 Kxg7 17. Qd4+ Kg8 18. c4 Rad8 19. Rbd1 Qc7 20. exd5 cxd5 21. f4 dxc4 22. Qxc4 Qxc4 23. bxc4 Bxg2 24. Kxg2 Rc8 25. Rd6 a5 26. Ra6 Rc5 27. Rc1 Rd8 28. Rc2 Rd3 29. Rb6 Rd4 30. Rb5 Rxb5 31. cxb5 Rb4 32. a4 Rxa4 33. Rb2 Rd4 34. b6 Rd8 35. Kf3 a4 36. h4 a3 37. Ra2 Rb8 38. Ra1 Rxb6 39. Rxa3 Kg7 40. Kg4 Rb4 41. Re3 Rb5 42. Kf3 Rb6 43. Kg4 f5+ 44. Kf3 Kf6 45. Ra3 h6 46. g4 g5 47. hxg5+ hxg5 48. fxg5+ Kxg5 1/2-1/2

[Event "Pan American-ch School U13"]
[Site "Medellin"]
[Date "2019.11.12"]
[Round "1"]
[White "Vasquez Vargas, Henry Richard"]
[Black "Restrepo Martinez, Emmanuel"]
[Result "1-0"]
[WhiteElo "2101"]
[BlackElo "1387"]
[PlyCount "79"]
[EventDate "2019.11.12"]
[EventType "swiss"]
[EventRounds "9"]
[EventCountry "COL"]
[SourceTitle "CBM 193 Extra"]
[Source "ChessBase"]
[SourceDate "2020.01.31"]
[SourceVersion "1"]
[SourceVersionDate "2020.01.31"]
[SourceQuality "1"]

1. d4 d5 2. c4 e6 3. Nf3 Nc6 4. g3 Bb4+ 5. Bd2 Bxd2+ 6. Nbxd2 Nf6 7. Bg2 0-0 8. 0-0 Ne7 9. Qc2 Bd7 10. Ne5 Nc6 11. Ndf3 Nxe5 12. dxe5 Ne8 13. Qb3 Bc6 14. Rfd1 Qc8 15. Nd4 dxc4 16. Nxc6 cxb3 17. Ne7+ Kh8 18. Nxc8 Rxc8 19. axb3 a6 20. Bxb7 Rb8 21. Bxa6 Rxb3 22. Rd8 Rxb2 23. Bd3 g6 24. Raa8 Kg7 25. Rxe8 Rxe8 26. Rxe8 c6 27. Rc8 Rb6 28. Be4 h6 29. Rxc6 Rxc6 30. Bxc6 g5 31. f4 g4 32. Kf2 f5 33. Ke3 Kf7 34. Kd4 h5 35. Kc5 Ke7 36. Bb5 Kf8 37. Kd6 Kf7 38. Bd7 Kg7 39. Bxe6 Kg6 40. Bd7 1-0

[Event "COL-ch sf3 U12"]
[Site "Moniquira"]
[Date "2019.05.24"]
[Round "2.2"]
[White "Rodriguez Pantoja, Obel"]
[Black "Restrepo Martinez, Emmanuel"]
[Result "1/2-1/2"]
[WhiteElo "1647"]
[BlackElo "1523"]
[PlyCount "85"]
[EventDate "2019.05.23"]
[EventType "swiss"]
[EventRounds "6"]
[EventCountry "COL"]
[SourceTitle "EXT 2024"]
[Source "ChessBase"]
[SourceDate "2023.10.10"]
[SourceVersion "1"]
[SourceVersionDate "2023.10.10"]
[SourceQuality "1"]

1. e4 c5 2. Nf3 d6 3. d4 cxd4 4. Nxd4 Nf6 5. Nc3 g6 6. Be3 Bg7 7. f3 Nc6 8. Qd2 Bd7 9. Bc4 0-0 10. 0-0-0 Qa5 11. Kb1 Ne5 12. Bb3 Rfc8 13. g4 Nc4 14. Bxc4 Rxc4 15. h4 h5 16. g5 Ne8 17. Nd5 Qxd2 18. Rxd2 Kf8 19. b3 Rcc8 20. Ne2 Nc7 21. f4 Nxd5 22. exd5 Bg4 23. Bd4 Bxe2 24. Bxg7+ Kxg7 25. Rxe2 Re8 26. Rf1 f5 27. gxf6+ exf6 28. Rg2 Kf7 29. f5 gxf5 30. Rxf5 Re5 31. Rf4 Rxd5 32. Rgf2 f5 33. Rxf5+ Rxf5 34. Rxf5+ Kg6 35. Rg5+ Kh6 36. Rd5 Kg6 37. Rxd6+ Kf5 38. Rd4 Rg8 39. Kb2 Rg4 40. Rd5+ Kg6 41. Rd6+ Kf5 42. Rd5+ Kg6 43. Rd6+ 1/2-1/2